Les nouveaux courants de la theorie economique aux Etats-Unis. : Conferences faites a l'Ecole pratique des hautes etudes en 1934/1935-.

Bibliographic Details
Main Author: Pirou, Gaëtan, 1886-1945
Format: Book
Language:French
Published: Paris : Domat-Montchrestien, 1946-
Edition:3. ed.
Subjects:

MARC

Tag First Indicator Second Indicator Subfields
LEADER 00000cam a2200000 4500
001 in00000055466
005 20151008052235.0
008 800512m19469999fr a b 00000 fre c
010 |a a 48002687  
035 |a (OCoLC)06306115 
035 |9 AAH2400AM 
040 |a Yale Univ. Library  |c TXA  |d UtOrBLW 
049 |a TXAM  |v 1 [177958] 
050 1 0 |a HB119  |b .A 
090 |a HB119.A2  |b P55 1946 
092 |a 330.10973  |b P672n3 
100 1 |a Pirou, Gaëtan,  |d 1886-1945. 
245 1 4 |a Les nouveaux courants de la theorie economique aux Etats-Unis. :  |b Conferences faites a l'Ecole pratique des hautes etudes en 1934/1935-. 
250 |a 3. ed. 
264 1 |a Paris :  |b Domat-Montchrestien,  |c 1946- 
300 |a volumes :  |b diagrams ;  |c 23 cm. 
336 |a text  |b txt  |2 rdacontent 
337 |a unmediated  |b n  |2 rdamedia 
338 |a volume  |b nc  |2 rdacarrier 
500 |a On cover: Avec la collaboration de M. Apchie, D. Lambert, F. Trevoux. 
505 0 |a t. 1. Les precurseurs. 
650 0 |a Economics  |x History  |z United States. 
999 |a MARS 
999 f f |s e530e59a-d9a1-34bb-929a-3d6f5efcf2be  |i 1f525495-2560-3207-9810-27b8aec3bb91  |t 0 
952 f f |p ric  |a Texas A&M University  |b Rellis Campus  |c Joint Library Facility  |d Remote Storage  |t 0  |e HB119.A2 P55 1946  |h Library of Congress classification  |i unmediated -- volume  |k v.1  |m A14800693321 
998 f f |a HB119.A2 P55 1946  |s v.1  |t 0  |l Remote Storage